Culture Générale - Série 2067 - Statistiques

Statistiques générales
  • Ce quiz a été pris 97 fois
  • Le résultat moyen est 4 sur 10
Statistiques - réponses
Question Réponse % Correct
Auteur des mémoires d'Hadrien, qui fut la 1ère femme à entrer à l'Académie française en 1980 ? Marguerite Yourcenar
84%
Quel acteur incarne le père de Vic dans le film "La Boum" sorti en 1980 ? Claude Brasseur
74%
De quel état des Etats-Unis Tallahassee est-elle la capitale ? Floride
55%
Dans le film "Le vieux fusil" de Robert Enrico de 1975, qui interprète le rôle de Clara Dandieu ? Romy Schneider
53%
Dans l'Antiquité, quel animal lié à la déesse Athéna est le symbole de la sagesse ? chouette
42%
En tennis féminin, comment s'appelle l'équivalent de la coupe Davis ? Fed cup
38%
Sur quel monument parisien sont gravés les noms de 72 scientifiques ? Tour Eiffel
37%
Dans quelle ville de Seine et Marne, l'ancien coureur cycliste Joop Zoetemelk est-il le gérant d'un hôtel ? voir photo Meaux
13%
Quel mot allemand désigne la ligne joignant les points les plus bas d'une vallée ou le creux barométrique entre deux zones de hautes pressions ? talweg
13%
Oeuf factice qu'on met dans les nids, les poulaillers pour que les poules aillent y pondre nichet
1%
Aucun quiz correspondant
Distribution des résultats
% des personnes avec chaque résultat
Percentile par nombre de réponses
Votre historique - résultats
Vous n’avez pas pris ce quiz